Регионална библиотека "Любен Каравелов" - Русе

Deep Purple (Запис номер 530236)

MARC детайли
000 -Лидер
Лидер 01237njm a2200301 a 4500
003 - Код на организацията, давaща контролен номер
Код на организацията, даваща контролен номер BLK
005 - Дата и час на последна редакция
Дата и час на последна редакция 20250328104906.0
007 - Фиксирано поле за физическо описани
Физическо описание sd ammalaaahaa
008 - Елементи от данни с фиксирана дължина
Елементи с фиксирана дължина 180413b bul||n|| |||||||| n|bulo|
028 ## - PUBLISHER NUMBER
Издателски номер 855562
040 ## - Източник на каталожния запис
Код на библиотеката BLK
041 ## - Код за език
Език на записа Немски
Език за КДБФ Немски
080 ## - УДК
УДК текст Други видове песни. Естрада, джаз. Стари градски. Рок и попмузика. Чалга (поп фолк)
УДК код 784.7
УДК – определител (086.72)
УДК – код + определител 784.7(086.72)
245 ## - Сведения за заглавието
Заглавие Deep Purple
260 ## - Област на издателските данни
Място на издаване Berlin
Име на издателя Deutsche Schallplatten
Година на издаване 1976
9 (RLIN) 215027
300 ## - Физическа характеристика
Брой страници 1 грамофонна плоча
Илюстрации 33 об/мин, стерео
Размер 30 см
380 ## - Жанр
Жанр Изкуство
490 ## - СЕРИИ (Колекции)
9 (RLIN) 493969
Серия Amiga
500 ## - Общи забележки
Обща забележка (01) Deep Purple - Lady Double Dealer<br/>(02) Deep Purple - Smoke On The Water<br/>(03) Deep Purple - Stormbringer<br/>(04) Deep Purple - Speed King<br/>----<br/>(05) Deep Purple - Rat Bat Blue<br/>(06) Deep Purple - Woman From Tokyo<br/>(07) Deep Purple - Anyone's Daughter<br/>(08) Deep Purple - Hold On
650 #7 - Допълнително описание по предмет – тема
9 (RLIN) 169666
Предметна рубрика Рокмузика
852 ## - Местоположение
Сигнатура (форматна) Ф ІІ 3597
Отдел Основен фонд - ползва се само за читалня
856 ## - Електронен адрес и достъп
Инструкция (цена за достъп) 0.00
Права за достъп disable
942 ## - АРТИКУЛИ
Вид на библиотечния документ Грамофонни плочи
Скрит в OPAC Не
944 ## - СЪЗДАВАНЕ И РЕДАКЦИЯ на ЗАПИСА
Дата на регистрацията/редакция Нора Радева
Служител, извършил регистрацията/редакцията 30545
Статус, дата на статуса Нора Радева
Създаване/Редакция
999 ## - СИСТЕМНИ КОНТРОЛНИ НОМЕРА
Koha biblionumber 530236
Koha biblioitemnumber 530236
999 ## - СИСТЕМНИ КОНТРОЛНИ НОМЕРА
Koha biblioitemnumber 530235
999 ## - СИСТЕМНИ КОНТРОЛНИ НОМЕРА
Koha biblioitemnumber 530234
999 ## - СИСТЕМНИ КОНТРОЛНИ НОМЕРА
Koha biblioitemnumber 530233
Наличности
Код за отписване Код за изгубен артикул Източник на класификационната схема Код за повреда Коз за рестрикции Код за отдаване Артикулен № Име на библиотеката - собственик Име на библиотеката, в която се намира в момента Статус (Текущо местоположение) Дата на вписване в системата Местоположение - отдел Цена в лева Инвентарен номер Систематично азбучна сигнатура Баркод Цена в евро Служебен тип на артикула
  Не е изгубен Universal Decimal Classification Не е повреден само за читалня ползва се в читалня 965194 Регионална библиотека "Любен Каравелов" Русе Регионална библиотека "Любен Каравелов" Русе Хранилище 2025-03-28 Основен фонд - ползва се само за читалня 6.00 8690 Ф ІІ 3597 900000117055 3.07 Грамофонни плочи
Vip Innovations Ltd, Rousse, Bulgaria 2025